Evangelisation gestern und heute

Saved in:  
Bibliographic Details
Main Author: Hollenweger, Walter J. 1927-2016 (Author)
Format: Print Book
Language:German
Subito Delivery Service: Order now.
Check availability: HBZ Gateway
WorldCat: WorldCat
Interlibrary Loan:Interlibrary Loan for the Fachinformationsdienste (Specialized Information Services in Germany)
Published: Stuttgart Steinkopf 1973
In:Year: 1973
Standardized Subjects / Keyword chains:B Evangelization
B Missions theology
Further subjects:B Evangelistic work

MARC

LEADER 00000cam a2200000 c 4500
001 1611803853
003 DE-627
005 20250424173857.0
007 tu
008 970110s1973 gw ||||| 00| ||ger c
015 |a 74,A12,0053  |2 dnb 
016 7 |a 740127292  |2 DE-101 
020 |a 3798402779  |9 3-7984-0277-9 
035 |a (DE-627)1611803853 
035 |a (DE-576)056513534 
035 |a (DE-599)BSZ056513534 
035 |a (OCoLC)264152076 
035 |a (OCoLC)01072836 
040 |a DE-627  |b ger  |c DE-627  |e rakwb 
041 |a ger 
044 |c XA-DE 
050 0 |a BV3790 
084 |a 02a  |2 sdnb 
084 |a 1  |2 ssgn 
084 |a BT 7000  |2 rvk  |0 (DE-625)rvk/16767: 
084 |a BU 5200  |2 rvk  |0 (DE-625)rvk/16912: 
100 1 |0 (DE-588)119071800  |0 (DE-627)079862772  |0 (DE-576)161469582  |4 aut  |a Hollenweger, Walter J.  |d 1927-2016 
109 |a Hollenweger, Walter J. 1927-2016  |a Hollenweger, Walter 1927-2016  |a Hollenweger, W. J. 1927-2016  |a Hollenweger, Walter Jacob 1927-2016 
245 1 0 |a Evangelisation gestern und heute  |c Walter J. Hollenweger 
263 |a kart. : DM 12.00 
264 1 |a Stuttgart  |b Steinkopf  |c 1973 
300 |a 139 S. 
336 |a Text  |b txt  |2 rdacontent 
337 |a ohne Hilfsmittel zu benutzen  |b n  |2 rdamedia 
338 |a Band  |b nc  |2 rdacarrier 
583 1 |a Archivierung/Langzeitarchivierung gewährleistet  |f PEBW  |x XA-DE-BW  |2 pdager  |5 DE-24 
583 1 |a Archivierung/Langzeitarchivierung gewährleistet  |f SSG  |x XA-DE-BW  |2 pdager  |5 DE-21 
653 0 |a Evangelistic work 
689 0 0 |d s  |0 (DE-588)4015812-3  |0 (DE-627)10477486X  |0 (DE-576)208913610  |2 gnd  |a Evangelisation 
689 0 |5 (DE-627) 
689 1 0 |d s  |0 (DE-588)4074863-7  |0 (DE-627)106088165  |0 (DE-576)209195509  |2 gnd  |a Missionstheologie 
689 1 |5 (DE-627) 
889 |w (DE-627)053386701 
935 |a mteo 
935 |i mdedup 
936 r v |a BT 7000  |b Gesamtdarstellungen  |k Theologie und Religionswissenschaften  |k Pastoraltheologie und Missionswissenschaft  |k Missionswissenschaft  |k Gesamtdarstellungen  |0 (DE-627)1270701762  |0 (DE-625)rvk/16767:  |0 (DE-576)200701762 
936 r v |a BU 5200  |b Apostolische und missionarische Erziehung  |k Theologie und Religionswissenschaften  |k Religionspädagogik und Katechetik  |k Aufgaben und Inhalte der religiösen und christlichen Bildung und Erziehung  |k Apostolische und missionarische Erziehung  |0 (DE-627)1270760637  |0 (DE-625)rvk/16912:  |0 (DE-576)200760637 
951 |a BO 
ELC |b 1 
ITA |a 1  |t 1 
LOK |0 000 xxxxxcx a22 zn 4500 
LOK |0 001 3162913594 
LOK |0 003 DE-627 
LOK |0 004 1611803853 
LOK |0 005 19990713000000 
LOK |0 008 990313||||||||||||||||ger||||||| 
LOK |0 040   |a DE-21  |c DE-627  |d DE-21 
LOK |0 852   |a DE-21 
LOK |0 852 1  |c 13 A 14236  |9 00 
LOK |0 935   |a kram  |a konv 
LOK |0 939   |a 13-03-99  |b l01 
LOK |0 000 xxxxxcx a22 zn 4500 
LOK |0 001 3162913705 
LOK |0 003 DE-627 
LOK |0 004 1611803853 
LOK |0 005 20090729124742 
LOK |0 008 011121||||||||||||||||ger||||||| 
LOK |0 040   |a DE-21-35  |c DE-627  |d DE-21-35 
LOK |0 541   |e 1974/49751 
LOK |0 852   |a DE-21-35 
LOK |0 852 1  |c Ds 5.024  |m p  |9 00 
LOK |0 938   |k p 
LOK |0 939   |a 21-11-01  |b l01 
ORI |a SA-MARC-ixtheoa001.raw 
STA 0 0 |a Evangelization,Evangelizing,Re-christianizing,New evangelization,Missions theology,Theology of missions 
STB 0 0 |a Missiologie,Théologie de la mission,Théologie de la mission,Évangélisation 
STC 0 0 |a Evangelización,Teología misionera 
STD 0 0 |a Evangelizzazione,Teologia missionaria 
STE 0 0 |a 宣教神学,传教神学,福偣传播,传福音 
STF 0 0 |a 宣教神學,傳教神學,福偣傳播,傳福音 
STG 0 0 |a Evangelização,Teologia missionária 
STH 0 0 |a Евангелизация,Миссионерское богословие 
STI 0 0 |a Ιεραποστολική θεολογία,Κήρυγμα του Ευαγγελίου 
SYG 0 0 |a Evangelisierung,Neuevangelisierung,Rechristianisierung , Mission,Missionsauffassung